| 000 | 00820nam0a22002531 4500 | ||
|---|---|---|---|
| 001 | rc\123246 | ||
| 005 | 20260406122959.0 | ||
| 010 |
_a5-232-00087-X _bКРОН-пресс _950000 |
||
| 035 | _a(NLR Aleph) 005380072 | ||
| 090 |
_a7091272 _c7091272 |
||
| 100 | _a20021216d1995 |||y0rusy50 ca | ||
| 101 | 0 | _arus | |
| 102 | _aRU | ||
| 105 | _aa ||||||||| | ||
| 200 | 1 |
_aАдора _eРоман _fБертрис Смолл _g[Перевод с англ. С.В. Тихонова] |
|
| 210 |
_aМ. _cАСТ _cКРОН-пресс _d1995 |
||
| 215 |
_a348, [3] с. _cил. _d22 |
||
| 225 | 1 | _aСерия "Шарм" | |
| 700 | 1 |
_4070 _7ca _8rus _aСмолл _bБ. _f1937-2015 _gБертрис _9110856 _3RU\NLR\AUTH\77816 |
|
| 801 | 0 |
_aRU _bNLR _gpsbo |
|
| 801 | 1 |
_aRU _bELAR _2rusmarc |
|
| 852 |
_aNLR _j95-3/7511 |
||
| 942 | _cBOOK | ||
| 980 | _aNB | ||